Noem de rivieren en riviertjes met J K en L in Nederland - Statistieken

Algemene statistieken
  • Deze quiz is 2 keer genomen
  • De gemiddelde score is 4 van 21
Antwoordstatistieken
Hint Antwoord % Correct
Lek
100%
Linge
100%
J Jeker
50%
Kromme IJssel
50%
Kromme Rijn
50%
Lei
0%
Dordtsche Kil
0%
K Kale
0%
Keersop
0%
Kingbeek
0%
Krammer
0%
Kromme Mijdrecht
0%
Kromme Raken
0%
Kwistbeek
0%
L Lauwers
0%
Leidse Rijn
0%
Liede
0%
Linde
0%
Linschoten
0%
Loets
0%
Luts
0%
Geen overeenkomende quizzen gevonden
Scoreverdeling
Procent van Mensen met Elke Score
Percentiel versus Aantal Correcte Antwoorden
Uw Scoregeschiedenis
U heeft deze quiz nog niet genomen